Estatutos /

Guardado en:
Formato: Libro
Idioma:Spanish
Publicado: Maracaibo : ALEAS, 1978.
Etiquetas: Agregar Etiqueta
Sin Etiquetas, Sea el primero en etiquetar este registro!
LEADER 00396nam a22001215a 4500
001 EEA.libagro003237
005 20190618113040.0
008 130809s1978####ec############000#0#spa#d
082 0 4 |a 630.628 
245 1 0 |a Estatutos /  |c Asociación Latinoamericana de Educación Agrícola Superior. 
260 |a Maracaibo :  |b ALEAS,  |c 1978. 
300 |a 12 p. ;  |c 21 cm. 
859 |a AR-BbBCA  |b BIB. AGRONOMIA  |h 630.628  |i As837  |p 1982/0128